| 000 | 00544nam a2200181 a 4500 | ||
|---|---|---|---|
| 001 | 2720 | ||
| 003 | CDMR | ||
| 005 | 20131111103253.0 | ||
| 008 | 130130s1965||||||||||||||||||||||||||||d | ||
| 040 |
_aCDMR _bcat _cCDMR |
||
| 110 | 2 |
_aCentro Técnico de la Sociedad Interamericana de Prensa _92043 |
|
| 245 | 1 | 0 | _aManual de estilo |
| 260 |
_aNew York _c1965 _bHobbs, Dorman & Company |
||
| 300 | _a126 p. | ||
| 650 | 0 | 4 |
_93086 _aPeriodisme _xManuals d'estil |
| 710 |
_92043 _aCentro Técnico de la Sociedad Interamericana de Prensa |
||
| 942 |
_cMON _2udc |
||
| 999 |
_c2720 _d2720 |
||